| 000 | 01114nam a2200229 i 4500 | ||
|---|---|---|---|
| 001 | 161919 | ||
| 003 | ES-MaACL | ||
| 005 | 20241001111130.0 | ||
| 008 | 981002s1888 sp |||| | spa d | ||
| 040 |
_aCLM _bspa _cCCPB | 3D |
||
| 100 | 1 |
_aPérez Jiménez, Nicolás. _990954 |
|
| 245 | 1 | 0 |
_aMuñoz Torrero y su época / _cpor Nicolas Pérez y Giménez. |
| 260 |
_aBadajoz : _b[s.n.], _c1888 ( _fTipografia "La Económica" de Pimentel, Corchero y Compañía) |
||
| 300 |
_a93 p., [2] h. de lám. : _bil ; _c22 cm. |
||
| 530 | _aDisponble en formato digital. | ||
| 594 | _aPrecede al tit. : Historia General de la Comarca de la Serena y particular de la Villa de Cabeza del Buey. | ||
| 597 | _aAcompaña a esta obra el retrato, facsimile y diseño (al fotograbado) de la casa donde nació el ilustre patricio. | ||
| 600 | 1 | 7 |
_aMuñoz Torrero, Diego, _d1761-1829 _2 _9166907 |
| 852 |
_aES-MaACL _jT-1358-F-1 _z-- Enc. hol. conservando la cub. original _z-- Enc. en un vol. facticio |
||
| 856 |
_uhttp://bdh-rd.bne.es/viewer.vm?id=0000137228&page=1 _zBiblioteca Digital Hispánica |
||
| 999 |
_c161919 _d161919 |
||